LEADER 00967nam a2200253 u 4500 001 000000084555 003 CaOOAMICUS 005 20070226124106.0 008 050705s2002 sp u000 u spa u 020 $a8424522922 035 $a11052733 040 $aPUL$bita 100 1 $aMèlich, Joan-Carles,$d1961-$0(OLS)http://pul/name/55713 245 10$aFilosofía de la finitud /$cJoan-Carles Mèlich. 260 $aBarcelona :$bHerder,$cc2002. 300 $a183 p. ;$c20 cm 504 $aBibliografia p. 175-183. 650 4$aPedagogia e filosofia.$0(OLS)http://pul/subject/12711 850 $aPUL 852 $aPUL$W1$xSL Filosofia 3$y81$m111. 07 Meljc 1$j107513$nBK-PRI$b $qDDC 21$B107513$CPULBib$Z2$F107513 $HPUL99263 $81 941 1 $a9 996 $6020$a8424522922$9(OLS)http://pul/number/112037 996 $6245$aFilosofía de la finitud$9(OLS)http://pul/title/109962 996 $6260$aBarcelona :$bHerder$9(OLS)http://pul/publisher/53708 LEADER 01563nam a2200313 a 4500 001 000000132549 003 CaOOAMICUS 005 20130205101034.0 008 130205s2012 it 001 0 ita r 020 $a978-88-495-2469-7 040 $aPUL$bita 082 04$a344.04 100 1 $aSalvatore, Barbara.$0(OLS)http://pul/name/85375 245 10$aInformazione e consenso nella relazione terapeutica /$cBarbara Salvatore. 260 $aNapoli :$bEdizioni scientifiche italiane,$c©2012. 300 $a250 p. ;$c24 cm 490 1 $aMonografie / Università degli Studi di Napoli Federico II, Dipartimento di Diritto Comune Patrimoniale. Nuova serie ;$v05 504 $aContiene riferimenti bibliografici p. [227]-245. 650 4$aConsenso informato.$0(OLS)http://pul/subject/37623 650 4$aAssistenza sanitaria$xLegislazione.$0(OLS)http://pul/subject/39332 830 0$aMonografie (Università degli Studi di Napoli Federico II. Dipartimento di Diritto Comune Patrimoniale).$pNuova serie.$0(OLS)http://pul/title/167475 850 $aPUL 852 $aPUL$W1$xSL Diritto e Scienze Sociali 3$y79$m344. 04 SALBA 1$j152524$qDDC 21$B151883$CPULBib$Z2$F151883 $H121471 $82 941 1 $a9 996 $6020$a978-88-495-2469-7$9(OLS)http://pul/number/151708 996 $6082$a344.04$9(OLS)http://pul/classification/1903 996 $6245$aInformazione e consenso nella relazione terapeutica$9(OLS)http://pul/title/167474 996 $6260$aNapoli :$bEdizioni scientifiche italiane$9(OLS)http://pul/publisher/48388